| 000 | 00430nam a2200169Ia 4500 | ||
|---|---|---|---|
| 008 | 210210b1948 xxu||||| |||| 00| 0 eng d | ||
| 082 | _a589.9 MACH | ||
| 100 | _aMACKIE (T J) | ||
| 245 | _aHandbook of practical bacteriology. Ed.8 | ||
| 250 | _a | ||
| 260 |
_aEdinburgh _bE & S Livingstone Ltd _c1948 |
||
| 300 | _a624 | ||
| 650 | _aPractical bacteriology | ||
| 690 | _aBotany | ||
| 700 | _aMcCARTNEY (J E). | ||
| 906 | _a046088 | ||
| 999 |
_c95243 _d95243 |
||